| 000 | 00664cab a2200253 4500 | ||
|---|---|---|---|
| 001 | ABS60536 | ||
| 008 | 090401t1999 xxu||||| |||| 00| 0 eng d | ||
| 035 | _a(Sirsi) u93246 | ||
| 041 | _aeng | ||
| 100 | _aRedmond, J. | ||
| 245 | _aSettle, but not just yet | ||
| 260 | _c1999 | ||
| 350 | _a0 | ||
| 490 |
_aBuilding _v264(8085) 30 April 1999, 54(1) |
||
| 650 | _aCLAIMS | ||
| 650 | _aLIABILITY | ||
| 650 | _aP&O DEVELOPMENTS LTD V GUY`S AND ST THOMAS` NHS TRUST AND OTHERS | ||
| 650 | _aRECOVERY | ||
| 650 | _aROYAL BROMPTON HOSPITAL NHS TRUST V HAMMOND AND OTHERS | ||
| 650 | _aSETTLEMENTS | ||
| 690 | _aLAW | ||
| 942 | _n0 | ||
| 948 | _c11/05/1999 | ||
| 999 |
_c59100 _d59100 |
||